00421nam a22001577a 450000500170000001000140001702000250003103500130005603700130006908200100008210000140009224500540010626000370016027000450019730000210024220100809153956.0 aENG-99061 a9788190735636c40.00 aEN-82593 bDBAD/PUB a371.2 aRajam, S. aPrincipal-the school administrator /cby S. Rajam aChennaibToday Publicationc2008 aS.R. Complex, 192 Bells RoadbChennaie5 a48p.c20cm (pbk)